Military Transport Helicopters [Picture Click] Quiz Stats

 Plays Quiz not verified by Sporcle

Challenge
Share
Tweet
Score 0/12 Timer 02:00
0 Plays Today
% Correct
Boeing CH-47 Chinook
82.6%
Sikorsky CH-53E Super Stallion
78.4%
Mil Mi-8
70.6%
Boeing Vertol CH-46 Sea Knight
70.6%
Eurocopter AS332 Super Puma
67.7%
NHIndustries NH90
67.7%
Mil Mi-26
66.7%
Kaman K-MAX
64.9%
Sikorsky CH-54 Tarhe
62.1%
AgustaWestland AW101
56%
AĆ©rospatiale SA 321 Super Frelon
54.3%
Mil Mi-10
52.8%

You're not logged in!

Compare scores with friends on all Sporcle quizzes.
Join for Free
OR
Log In

You Might Also Like...

Show Comments

Extras

Top Quizzes Today


Score Distribution

Your Account Isn't Verified!

In order to create a playlist on Sporcle, you need to verify the email address you used during registration. Go to your Sporcle Settings to finish the process.

Report this User

Report this user for behavior that violates our Community Guidelines.

Details: